000
00244nam a22001097a 4500
082
_a
920/KUM
100
_a
Deepak Kumar
_9
79971
245
_a
Homi Jehangir Bhabha
260
_a
Delhi
_b
Atish Pra
_c
2019
650
_a
Biography
_9
79972
942
_c
BK
999
_c
63500
_d
63500